| 000 | 01081nam0a22002771 4500 | ||
|---|---|---|---|
| 001 | v19\rc\1995452 | ||
| 005 | 20251118181240.1 | ||
| 035 | _a(NLR Aleph) 005071702 | ||
| 090 |
_a7102539 _c7102539 |
||
| 100 | _a20080811d1914 u y0rusy50 ca | ||
| 101 | 0 | _arus | |
| 102 | _aRU | ||
| 105 | _ay z |||c| | ||
| 200 | 1 |
_a"Краткий очерк истории сахарного производства" _eДокл. чит. на заседании Хим. секции Студ. кружка любителей природы при Киев. ун-те _fГ.В. Штепан, студент-химик Ун-та св. Владимира |
|
| 210 |
_aГородище _cпеч. М.Э. Юдицкого _d1914 |
||
| 215 |
_a24 с. _d24 |
||
| 532 | 1 | 3 | _aКраткий очерк истории сахарного производства |
| 700 | 1 |
_aШтепан _bГ.В. |
|
| 801 | 0 |
_aRU _bNLR _gpsbo |
|
| 801 | 0 |
_aRU _bRuMoRGB _2psbo |
|
| 801 | 1 |
_aRU _bProSoft-M _2rusmarc |
|
| 852 |
_aNLR _j37.53.7.92 |
||
| 899 |
_aRuMoRGB _jV 83/155 |
||
| 899 | _aБАН | ||
| 942 | _cBOOK | ||
| 980 | _aNB | ||